Zahraničná politika SR po vstupe do Európskej únie bakalárska práca

Gespeichert in:
Bibliographische Detailangaben
1. Verfasser: Poloma, Tomáš
Körperschaft: Fakulta medzinárodných vzťahov EU. Katedra medzinárodných politických vzťahov
Weitere Verfasser: Rusiňák, Peter, 1985-
Format: Buch
Sprache:Slowakisch
Veröffentlicht: Bratislava 2011
Tags: Tag hinzufügen
Keine Tags, Fügen Sie das erste Tag hinzu!

MARC

LEADER 00000nbm a2200000 4500
001 0131195
005 20170315090419.5
041 0 |a slo 
044 |a SK 
245 1 0 |a Zahraničná politika SR po vstupe do Európskej únie  |b bakalárska práca  |c Tomáš Poloma ; školiteľ: Peter Rusiňák 
264 1 |a Bratislava  |c 2011 
300 |a 37 s. 
100 1 |a Poloma, Tomáš 
700 1 |a Rusiňák, Peter, 1985- 
710 2 |a Fakulta medzinárodných vzťahov EU. Katedra medzinárodných politických vzťahov